MARC

LEADER 00000nam0a2200000 4500
001 17886
005 20231101205154.0
035 |a (RuTPU)RU\TPU\book\18034 
035 |a BOOK00002722 
090 |a 17886 
100 |a 20011209d1993 km y0rusy50 ca 
101 0 |a rus 
102 |a RU 
105 |a y z 000zy 
200 1 |a Структура экономики России  |f Российская академия наук, Институт экономики (ИЭ РАН) ; отв. ред. В. И. Маевский 
210 |a Москва  |c ИЭ РАН  |d 1993 
215 |a 196 с. 
606 |a Экономика  |x Россия  |2 stltpush  |3 (RuTPU)RU\TPU\subj\37358  |9 58389 
610 1 |a Российская Федерация 
610 1 |a макроэкономика 
610 1 |a микроэкономика 
610 1 |a межотраслевые комплексы 
610 1 |a 20 век 
686 |a У9(2)0  |v LBC/SL-A  |2 rubbk 
702 1 |a Маевский  |b В. И.  |g Владимир Иванович  |4 340 
712 0 2 |a Российская академия наук  |b Институт экономики (ИЭ РАН)  |c (Москва)  |2 stltpush  |3 (RuTPU)RU\TPU\col\152 
801 0 |a RU  |b 63413507  |c 20011209  |g PSBO 
801 2 |a RU  |b 63413507  |c 20190417  |g PSBO 
942 |c BK